Statistics for Every Single Warrior Cats Leaders

Click here to take the quiz!

General Stats

  • This quiz has been taken 59 times
  • The average score is 49 of 85

Answer Stats

ClanLeader% Correct
ThunderClanBluestar
98%
ThunderClanFirestar
98%
ThunderClanBramblestar
95%
ThunderClanThunderstar
93%
RiverClanMistystar
91%
WindClanOnestar
91%
WindClanTallstar
91%
ShadowClanBlackstar
89%
RiverClanCrookedstar
89%
ThunderClanPinestar
89%
ShadowClanShadowstar
89%
WindClanWindstar
89%
ShadowClanTigerstar
86%
ShadowClanTigerstar
86%
SkyClanLeafstar
84%
RiverClanRiverstar
84%
WindClanHarestar
82%
RiverClanLeopardstar
82%
ShadowClanNightstar
82%
ThunderClanOakstar
82%
SkyClanSkystar
82%
ThunderClanSunstar
80%
DarkClan (The unofficial Clan in the tunnels at the lake)Heatherstar
77%
WindClanHeatherstar
77%
ThunderClanRedstar
77%
RiverClanHailstar
75%
ShadowClanBrokenstar
73%
SkyClanCloudstar
73%
ShadowClanRowanstar
73%
SkyClanRowanstar
73%
BloodClanScourge
73%
WindClanGorsestar
68%
ThunderClanOwlstar
66%
ShadowClanRaggedstar
64%
Tribe of Rushing WaterStoneteller
64%
ShadowClanCedarstar
61%
WindClanBirchstar
57%
RiverClanBirchstar
57%
SkyClanBirchstar
57%
ThunderClanDoestar
57%
Tribe of Rushing WaterHalf Moon
57%
ThunderClanLionstar
57%
SkyClanSpiderstar
57%
ThunderClanWhitestar
55%
The "Kin"Darktail
52%
SkyClanDarkstar
50%
RiverClanDarkstar
50%
ShadowClanDawnstar
50%
SkyClanHawkstar
50%
WindClanSwiftstar
48%
RiverClanWillowstar
48%
ShadowClanYellowstar
48%
ShadowClanSnowstar
43%
SkyClanBeechstar
41%
RiverClanIvystar
41%
RiverClanReedstar
41%
SkyClanBuzzardstar
39%
WindClanDuststar
39%
ShadowClanFlowerstar
39%
ShadowClanHollystar
39%
SkyClanMaplestar
39%
ThunderClanMorningstar
39%
WindClanStonestar
39%
WindClanRabbitstar
36%
ShadowClanBlizzardstar
34%
RiverClanEmberstar
34%
WindClanFallowstar
34%
ThunderClanFinchstar
34%
SkyClanFlystar
34%
ThunderClanVinestar
34%
ShadowClanBrindlestar
32%
SkyClanDewstar
32%
ShadowClanLilystar
32%
WindClanFeatherstar
30%
SkyClanRobinstar
30%
RiverClanTroutstar
30%
SkyClanFennelstar
27%
WindClanGraystar
27%
WindClanHazelstar
27%
ShadowClanRipplestar
27%
ShadowClanSedgestar
27%
RiverClanTalonstar
27%
Tribe of Rushing WaterCrag Where Eagles Nest
25%
RiverClanSplashstar
25%
Tribe of Rushing WaterRock
23%

Score Distribution

Percentile by Number Answered

Percent of People with Each Score

Your Score History

You have not taken this quiz